Textbook on contract law. / (Record no. 7633)

MARC details
000 -LEADER
fixed length control field 01720cam a22002774a 4500
001 - CONTROL NUMBER
control field 15393901
003 - CONTROL NUMBER IDENTIFIER
control field OSt
005 - DATE AND TIME OF LATEST TRANSACTION
control field 20210602163657.0
008 - FIXED-LENGTH DATA ELEMENTS--GENERAL INFORMATION
fixed length control field 080802s2008 enk b 001 0 eng
020 ## - INTERNATIONAL STANDARD BOOK NUMBER
International Standard Book Number 9780198732808
040 ## - CATALOGING SOURCE
Original cataloging agency DLC
Transcribing agency DLC
043 ## - GEOGRAPHIC AREA CODE
Geographic area code e-uk-en
-- e-uk-wl
050 00 - LIBRARY OF CONGRESS CALL NUMBER
Classification number KD1554.P78
100 1# - MAIN ENTRY--PERSONAL NAME
Personal name Poole, Jill.
245 10 - TITLE STATEMENT
Title Textbook on contract law. /
Statement of responsibility, etc. Jill Poole.
250 ## - EDITION STATEMENT
Edition statement 13th ed.
260 ## - PUBLICATION, DISTRIBUTION, ETC.
Place of publication, distribution, etc. Oxford:
Name of publisher, distributor, etc. OUP
Date of publication, distribution, etc. 2016.
300 ## - PHYSICAL DESCRIPTION
Extent xlviii, 656 p.:
Dimensions 25 cm.
Other physical details ill.;
500 ## - GENERAL NOTE
General note Includes index
Institution to which field applies DLC
505 0# - FORMATTED CONTENTS NOTE
Formatted contents note Introduction to the law of contract -- Formation-- Agreement -- Agreement problems -- Enforceability of promises: Consideration, promissory estoppel -- Intention to create legally bound, formalities and capacity to contract -- Content, Interpretation, performance and breach: Content of the contract and principles of interpretation -- Exemption clauses and unfair contract terms -- Breach of contract -- Enforcement of contractual obligations: Damages for breach of contract -- Remedies providing for specific relief and restitutionary remedies -- Privity of contract and third party rights Discharge by frustration : subsequent impossibility -- Methods of policing the making of the contact: Non-agreement mistake -- Misrepresentation -- Duress, undue influence, and unconscionable bargains -- Illegality.
650 #0 - SUBJECT ADDED ENTRY--TOPICAL TERM
Topical term or geographic name entry element Contracts
Geographic subdivision England.
650 #0 - SUBJECT ADDED ENTRY--TOPICAL TERM
Topical term or geographic name entry element Contracts
Geographic subdivision Wales.
906 ## - LOCAL DATA ELEMENT F, LDF (RLIN)
a 7
b cbc
c origcop
d 2
e ncip
f 20
g y-gencatlg
942 ## - ADDED ENTRY ELEMENTS (KOHA)
Source of classification or shelving scheme Library of Congress Classification
Koha item type Books
Holdings
Withdrawn status Lost status Source of classification or shelving scheme Damaged status Not for loan Home library Current library Shelving location Date acquired Total Checkouts Full call number Barcode Date last seen Price effective from Koha item type Copy number
    Library of Congress Classification     WISCONSIN INTERNATIONAL UNIVERSITY COLLEGE, GHANA - MAIN LIBRARY WISCONSIN INTERNATIONAL UNIVERSITY COLLEGE, GHANA - MAIN LIBRARY Law Library 14/07/2023   KD1554.P782(13e) 3103/272/23 14/07/2023 14/07/2023 Books 3
    Library of Congress Classification     WISCONSIN INTERNATIONAL UNIVERSITY COLLEGE, GHANA - MAIN LIBRARY WISCONSIN INTERNATIONAL UNIVERSITY COLLEGE, GHANA - MAIN LIBRARY Law Library 14/07/2023   KD1554.P78(13e) 3043/211/23 14/07/2023 14/07/2023 Books 1
    Library of Congress Classification     WISCONSIN INTERNATIONAL UNIVERSITY COLLEGE, GHANA - MAIN LIBRARY WISCONSIN INTERNATIONAL UNIVERSITY COLLEGE, GHANA - MAIN LIBRARY Law Library 14/07/2023   KD1554.P781(13e) 3044/212/23 14/07/2023 14/07/2023 Books 2
    Library of Congress Classification     WISCONSIN INTERNATIONAL UNIVERSITY COLLEGE, GHANA KUMASI LIBRARY WISCONSIN INTERNATIONAL UNIVERSITY COLLEGE, GHANA KUMASI LIBRARY Law Library 22/08/2019   KD1554.P78 KSL/092/19 02/06/2021 02/06/2021 Books  
    Library of Congress Classification     WISCONSIN INTERNATIONAL UNIVERSITY COLLEGE, GHANA KUMASI LIBRARY WISCONSIN INTERNATIONAL UNIVERSITY COLLEGE, GHANA KUMASI LIBRARY Law Library 24/05/2023   KD1554.P781 KSL/1764/027/23 19/06/2023 02/06/2021 Books 2
    Library of Congress Classification     WISCONSIN INTERNATIONAL UNIVERSITY COLLEGE, GHANA KUMASI LIBRARY WISCONSIN INTERNATIONAL UNIVERSITY COLLEGE, GHANA KUMASI LIBRARY Law Library 24/05/2023   KD1554.P782 KSL/1765/028/23 19/06/2023 02/06/2021 Books 3
    Library of Congress Classification     WISCONSIN INTERNATIONAL UNIVERSITY COLLEGE, GHANA KUMASI LIBRARY WISCONSIN INTERNATIONAL UNIVERSITY COLLEGE, GHANA KUMASI LIBRARY Law Library 24/05/2023   KD1554.P783 KSL/1766/029/23 19/06/2023 02/06/2021 Books 4

If you have any concerns or questions; kindly contact the library


© Powered by WIUC ICT DIRECTORATE